000 00442nam a22001817a 4500
003 MPLRDC
005 20220104123443.0
008 210129b ||||| |||| 00| 0 eng d
082 _a976.41 LMY
100 _a林明宜译
245 _a图解交际舞入门
_c
250 _a初版
260 _a
_b大夏出版社
_c1988
300 _b
490 _a娱乐丛书. 1
650 _a舞蹈; 跳舞--交际舞
942 _cBK
_o976.41 LMY
999 _c11547
_d11537